Fairy Tail - Membres de la guilde Tartaros - Statistiques

Statistiques générales
  • Ce quiz a été pris 28 fois
  • Le résultat moyen est 9 sur 16
Statistiques - réponses
Par images Réponse % Correct
E.N.D
96%
Minerva
91%
Silver
83%
Jackal
74%
Kyôka
74%
Seila
65%
Tempester
61%
Jienma
57%
Keith
57%
Franmars
52%
Lamy
52%
Ezer
48%
Mald Gheel
43%
Trafzer
30%
Crowford
22%
Yakudriga
22%
Aucun quiz correspondant
Distribution des résultats
% des personnes avec chaque résultat
Percentile par nombre de réponses
Votre historique - résultats
Vous n’avez pas pris ce quiz